Statistics for Word Swallow 'n' Scramble - Countries

Click here to take the quiz!

General Stats

  • This quiz has been taken 440 times
  • The average score is 9 of 16

Answer Stats

Swallowed Mixture#Countries% Correct
me link yaa5Kenya
84%
me link yaa4Mali
81%
i flip jean4Fiji
77%
i flip jean5Nepal
72%
minx a choice6Mexico
69%
him be bananas7Bahamas
65%
gut a bacon4Cuba
65%
gut a bacon5Tonga
62%
him be bananas5Benin
58%
minx a choice5China
58%
fry carnage men6France
48%
fry carnage men7Germany
48%
gleam create6Greece
45%
gleam create5Malta
44%
a comedown sneer6Sweden
24%
a comedown sneer8Cameroon
20%

Score Distribution

Percentile by Number Answered

Percent of People with Each Score

Your Score History

You have not taken this quiz